|
|
|
|
| LEADER |
00000nam0a2200000 4500 |
| 001 |
287550 |
| 005 |
20231102000011.0 |
| 020 |
|
|
|a RU
|b 85-79303
|
| 035 |
|
|
|a (RuTPU)RU\TPU\book\311955
|
| 090 |
|
|
|a 287550
|
| 100 |
|
|
|a 20150317d1985 k y0rusy5003 ca
|
| 101 |
0 |
|
|a rus
|
| 102 |
|
|
|a RU
|
| 105 |
|
|
|a y z 101zy
|
| 200 |
1 |
|
|a Роль палеонтологии в развитии отечественной геологии
|e труды XXVII сессии Всесоюзного палеонтологического общества, 26-30 января 1981 г., г. Ленинград
|f Академия наук СССР (АН СССР), Всесоюзное палеонтологическое общество (ВПО) ; под ред. М. В. Куликова ; В. С. Беленковой
|
| 210 |
|
|
|a Ленинград
|c Наука
|d 1985
|
| 215 |
|
|
|a 173 с.
|c ил.
|
| 320 |
|
|
|a Библиография в конце докладов
|
| 606 |
|
|
|a Палеонтология
|2 stltpush
|3 (RuTPU)RU\TPU\subj\47998
|9 66880
|
| 610 |
1 |
|
|a отечественная геология
|
| 610 |
1 |
|
|a биостратиграфические исследования
|
| 610 |
1 |
|
|a палеоботаника
|
| 610 |
1 |
|
|a растения
|
| 610 |
1 |
|
|a палеопалинология
|
| 610 |
1 |
|
|a диатомовые водоросли
|
| 610 |
1 |
|
|a кремневые водоросли
|
| 610 |
1 |
|
|a филогенез
|
| 610 |
1 |
|
|a брахиоподы
|
| 610 |
1 |
|
|a палеозой
|
| 610 |
1 |
|
|a мезозой
|
| 610 |
1 |
|
|a трилобиты
|
| 610 |
1 |
|
|a агнаты
|
| 610 |
1 |
|
|a тетраподы
|
| 610 |
1 |
|
|a картирование
|
| 610 |
1 |
|
|a девонские отложения
|
| 610 |
1 |
|
|a каменноугольные отложения
|
| 610 |
1 |
|
|a нефтяная геология
|
| 675 |
|
|
|a 56(063)
|v 3
|
| 702 |
|
1 |
|a Куликов
|b М. В.
|g Михаил Васильевич
|4 340
|
| 702 |
|
1 |
|a Беленкова
|b В. С.
|4 340
|
| 712 |
0 |
2 |
|a Академия наук СССР (АН СССР)
|b Всесоюзное палеонтологическое общество (ВПО)
|c (Ленинград)
|c (1973-1992)
|2 stltpush
|3 (RuTPU)RU\TPU\col\12627
|
| 712 |
1 |
2 |
|a Роль палеонтологии в развитии отечественной геологии
|c труды Всесоюзного палеонтологического общества
|d 27
|e Ленинград
|f 1981
|4 570
|
| 801 |
|
0 |
|a RU
|b RuMRKP
|c 19950704
|g psbo
|
| 801 |
|
1 |
|a RU
|b 63413507
|c 20150317
|
| 801 |
|
2 |
|a RU
|b 63413507
|c 20171127
|g RCR
|
| 942 |
|
|
|c BK
|